000
00315nam a22001457a 4500
003
SGT
020
_a
9788196617196
082
_a
346.048
_b
CHO
100
_a
CHOUDHARY RAJIV
245
_a
PATENT LAW AND PRACTICE
250
_a
2
260
_a
NEW DELHI
_b
BHARAT LAW HOUSE
_c
2024
300
_a
1520
942
_2
ddc
_c
BK
999
_c
25739
_d
25739